000 00742nam a2200229Ia 4500
003 OSt
005 20220923221816.0
006 a|||||r|||| 00| 0
007 ta
008 220922b |||||||| |||| 00| 0 hin d
024 _a200,217
037 _cTextual
040 _aARTS
_cARTS
_bhin
041 _2hin
_ahin
082 _aQ313v, 152K0
100 _aदुलहराज
_9156280
245 0 _aतेरा प्रथ्ंा इतिहास के दो सौ वर्षो का प्रगति विवरण
246 _aTerā prathanā itihās ke do sau varṣho kā pragati vivaraṇa
260 _c1960
942 _hQ313v, 152K0
_cTEXL
_2CC
999 _c351889
_d351889